000 00514nmm a2200193Ia 4500
008 251105s9999||||xx |||||||||||||||||und||
020 _a9788492833986
041 _aspa
100 _aHurwitz, Greg
245 0 _aO ella muere
264 _a[Madrid, España] :
_bRoca Editorial,
_c2012
300 _a400 páginas
490 _aThriller
650 _aThriller & Suspense
700 _aHurwitz, Greg
700 1 _a Del Rey, Santiago
856 _uhttps://public.digitaliapublishing.com/a/34382
942 _cCF
999 _c67030
_d67030